Normal view MARC view
  • Hemingway, Ernest,

Entry Nombre Personal

Number of records used in: 13

001 - NUMERO DE CONTROL

  • campo de control: 28391

003 - IDENTIFICADOR DE NUMERO DE CONTROL

  • campo de control: DLC

005 - FECHA Y HORA DE LA ÜLTIMA TRANSACCIÓN

  • campo de control: 20240429092558.0

008 - DATOS DE LONGITUD FIJA

  • campo de control de longitud fija: 861008|| anannbabn |n aaa

010 ## - NÚMERO DE CONTROL DE LA BIBLIOTECA DEL CONGRESO

  • Número de control LC: sh 86006677

040 ## - FUENTE DE CATALOGACIÓN

  • Agencia original de catalogación: DLC
  • Lenguaje de catalogación: spa
  • Agencia de transcripción: DLC
  • Agencia que lo modifica: MX-MxUPN

100 1# - ENCABEZAMIENTO - NOMBRE PERSONAL

  • Nombre personal: Hemingway, Ernest,
  • Fechas asociadas con el nombre: 1899-1961

670 ## - FUENTE EN LA QUE SE LOCALIZARON DATOS

  • Cita de la fuente: Por quien doblan las campanas, 1952:
  • Información localizada: portada (Ernest Hemingway)

902 ## - CATALOGADOR

  • Catalogador: Víctor Ruiz/290424